Ligands chimie minérale - Statistiques

Statistiques générales
  • Ce quiz a été pris 98 fois
    53 depuis la dernière actualisation
  • Le résultat moyen est 26 sur 34
Statistiques - réponses
Formule Nom % Correct
Br- bromo
97%
F- fluoro
97%
I- iodo
97%
NH3 amino / amine
94%
H2O aqua
94%
Cl- chloro
94%
OH- hydroxo
94%
O2- oxo
94%
S2- thio
91%
SO42- sulfato
88%
CN- cyano
84%
H- hydruro
84%
SCN- thiocyanato
84%
NH2- amido
81%
CO32- carbonato
81%
ClO3- chlorato
81%
NO2- nitrito
81%
PO43- phosphato
81%
SO32- sulfito
81%
ClO2- chlorito
78%
NO3- nitrato
78%
C2O42- oxalato
78%
OCN- cyanato
75%
NO nitrosyl
75%
S2O32- thiosulfato
75%
N3- azido / azoturo
69%
en éthylènediamine
63%
CO carbonyl
59%
NHOH- hydroxylamido
56%
O22- peroxo
56%
IO3- iodato
53%
C6H4(COO)22- phtalato
53%
CH3COO- éthanoato / acétato
50%
C6H4(OH)COO- salicylato
44%
Aucun quiz correspondant
Distribution des résultats
% des personnes avec chaque résultat
Percentile par nombre de réponses
Votre historique - résultats
Vous n’avez pas pris ce quiz depuis la dernière actualisation